| 000 | 01096naa a22003137a 4500 | ||
|---|---|---|---|
| 001 | BR7704826 | ||
| 003 | BR-BrBNA | ||
| 005 | 20240918174033.0 | ||
| 007 | ta | ||
| 008 | 230509b bl.||||| |||| 00| 0 por d | ||
| 040 |
_aBR-BrBNA _bpor _cBiblioteca Nacional de Agricultura |
||
| 041 | _a(Pt) | ||
| 072 |
_aF60 _b2120 _b3530 |
||
| 090 | _aF60 BR7704826 | ||
| 100 | 1 | _aLima, M.M.A. de | |
| 100 | 1 | _aFahl, J.I. | |
| 100 | 1 | _aFranco, C.M. | |
| 111 | 1 |
_a5. Congresso Brasileiro de Pesquisas Cafeeiras _cGuarapari, ES (Brazil) _d18 Oct 1977 |
|
| 245 | 1 | _aEfeito de antitranspirante em mudas de cafeeiro | |
| 260 | 3 |
_aRio de Janeiro, RJ (Brasil): _c1977. |
|
| 500 | _aResumos do 5. Congresso Brasileiro de Pesquisas Cafeeiras Rio de Janeiro, RJ (Brasil): 1977. p. 45 (BR7704826-AM)F60 | ||
| 650 | _aCAFE | ||
| 650 | _aTRANSPIRACAO VEGETAL | ||
| 650 | _aANTITRANSPIRANTE | ||
| 650 | _aMUDA | ||
| 773 | 0 |
_tResumos do 5. Congresso Brasileiro de Pesquisas Cafeeiras _wF60 BR7704826 _gRio de Janeiro, RJ (Brasil), 1977. p. 45 |
|
| 909 |
_a202404 _bLucia _c55 _dLucia Elande |
||
| 942 |
_cAM _2AGRIS |
||
| 999 |
_c308500 _d308500 |
||